Human recource management
Αποθηκεύτηκε σε:
| Κύριος συγγραφέας: | |
|---|---|
| Άλλοι συγγραφείς: | , |
| Μορφή: | Βιβλίο |
| Γλώσσα: | English |
| Δημοσίευση: |
Boston :
Houghton mifflin company,
c1993
|
| Έκδοση: | 2nd ed. |
| Θέματα: | |
| Ετικέτες: |
Προσθήκη ετικέτας
Δεν υπάρχουν, Καταχωρήστε ετικέτα πρώτοι!
|
MARC
| LEADER | 00000nam a2200000 i 4500 | ||
|---|---|---|---|
| 001 | 1/42611 | ||
| 008 | 960212s1993 eng d | ||
| 020 | |a 0-395-66223-0 | ||
| 035 | |l 10025622 | ||
| 040 | |a GR-MY-UA |b gre |e aacr | ||
| 041 | 0 | |a eng | |
| 082 | 0 | |a 658.3 |2 (21) | |
| 100 | 1 | |a Fisher, Cynthia D. | |
| 245 | 1 | 0 | |a Human recource management / |c Cynthia D. Fisher, Lyle F. Schoenfeldt, James B. Shaw |
| 250 | |a 2nd ed. | ||
| 260 | |a Boston : |b Houghton mifflin company, |c c1993 | ||
| 300 | |a 868 σ. | ||
| 500 | |a International student edition | ||
| 504 | |a Περιλαμβάνει ευρετήριο | ||
| 650 | 0 | 0 | |a Management. |
| 650 | 0 | 0 | |a Personnel management. |
| 700 | 1 | |a Schoenfeldt, Lyle F. | |
| 700 | 1 | |a Shaw, James B. | |
| 852 | |a INST |b CHIOS |e 19960212 |h 658.3 FIS |p 005200024012 |q 005200024012 |t BK |y 0 | ||
| 852 | |a INST |b CHIOS |e 20071025 |h 658.3 FIS |p 005200024017 |q 005200024017 |t BK |y 0 | ||
| 909 | |a Χ |b 031193 | ||
| 909 | |a Χ |b 037336 | ||